02114cam a2200361 a 450000100100000000500170001000800410002702000220006804000230009008200230011324500810013626000670021730000250028449000200030949000320032950002780036150502830063950400730092260000850099565000370108070000380111770000250115570000320118070000380121270000360125070000400128671000720132683000480139891000340144695201260148095201310160699900150173700000489120200929151528.0800818s1983 pr b s101 1 spa  a0847700577 (pbk.) aDO-SdBNPcDLCdDLC a923.97295bL792LzB00aLuis Llorens Torres en su centenario /cEdwin Figueroa Berrios ... [et al.]. aRio Piedras, Puerto Rico :bUniversidad de Puerto Rico,c1983. axii, 67 p. ;c18 cm.1 aUprex ;vno. 571 aEstudios literariosvno. 57 a"Ponencias presentadas en el foro sobre el poeta ... auspiciado por el Seminario de Estudios Hispánicos 'Federico de Onís' en la Fiesta de la Lengua y celebrado el 22 de abril de 1975, en la sede del Instituto de Cultura Puertorriqueña, San Juan, Puerto Rico"--P. [v]0 aReyes, E. La décima es Luis Llorens Torres .-- Núñez, A. El antillanismo en Llorens .-- Vásquez de Arce, M. El lenguaje poético de Luis Llorens Torres .-- Corretjer, JA Las condiciones de Luis Llorens Torres. - Caraballo de Abréu, D. La prosa de Luis Llorens Torres. aIncluye referencias bibliográficas y notas al pie de las páginas14aLLORENS TORRES, LUIS,d1876-1944xCRÍTICA E INTERPRETACIÓNxCONGRESOS914147 4aLiteratura puertorriqueña92501 aFigueroa Berríos, Edwin.9141481 aReyes, Ediwn.9141491 aNúñez, Apolinar.9141501 aVásquez, Margot Arce de.9141511 aCorretjer, Juan Antonio.9113181 aCaraballo de Abréu, Daisy.9141521 aPuerto Rico.bUniversity.tSeminario de Estudios Hispanicos.914153 0aUprex ;vno. 57pEstudios literarios914154 aCatalogación por copia / LC 001052708MOaGRbGRcCTd2009-07-27iLF1l0o923.97295 L792LzBp4891-10r2020-06-25w2020-06-25y2ZPréstamo interno 001053728MOaGRbGRcCTd2009-07-27iLF1l0o923.97295 L792LzBp4891-20r2020-06-25te.2w2020-06-25y2ZPréstamo interno c4697d4697